[Event "26th North American Open"]
[Site "Las Vegas"]
[Date "2016.12.26"]
[Round "2"]
[White "Bryant, John"]
[Black "Patil, Anuprita"]
[Result "0-1"]
[WhiteElo "2462"]
[BlackElo "2066"]
[PlyCount "74"]
[EventDate "2016.12.??"]
[EventType "swiss"]
[EventRounds "9"]
[EventCountry "USA"]
[Source "MonRoi"]

1. e4 e5 2. Nf3 Nc6 3. Bb5 a6 4. Ba4 Nf6 5. O-O b5 6. Bb3 Be7 7. Re1 O-O 8. d4
d6 9. c3 Bg4 10. Be3 exd4 11. cxd4 Na5 12. Bc2 c5 13. h3 Bxf3 14. Qxf3 Nc4 15.
Nc3 Nxe3 16. Qxe3 b4 17. Ne2 Nd7 18. Rad1 Qc7 19. Nf4 cxd4 20. Qe2 Nb6 21. Rxd4
Bg5 22. Nd5 Nxd5 23. Rxd5 Bf6 24. Ba4 Qb6 25. Qd2 Be7 26. Rd4 a5 27. Rc4 Rac8
28. Rec1 Rc5 29. Bb3 Bg5 30. Qd1 Bxc1 31. Rxc1 Rxc1 32. Qxc1 Qc5 33. Qd2 Rc8
34. Kh2 Qe5+ 35. f4 Qxe4 36. Qxd6 Qe8 37. Qa6 Qd8 0-1

[Event "26th North American Open"]
[Site "Las Vegas"]
[Date "2016.12.26"]
[Round "2"]
[White "Wheeler, Cameron"]
[Black "Metpally, Jason"]
[Result "1-0"]
[WhiteElo "2408"]
[BlackElo "2197"]
[PlyCount "137"]
[EventDate "2016.12.??"]
[EventType "swiss"]
[EventRounds "9"]
[EventCountry "USA"]
[Source "MonRoi"]

1. d4 e6 2. c4 Nf6 3. Nf3 b6 4. g3 Bb7 5. Bg2 c6 6. O-O Be7 7. Nc3 d5 8. Nd2
O-O 9. e4 dxe4 10. Ndxe4 Nxe4 11. Nxe4 Nd7 12. Bf4 Nf6 13. Qc2 Nxe4 14. Bxe4 g6
15. Rad1 Bg5 16. Qd2 Bxf4 17. Qxf4 Rc8 18. h4 Qc7 19. Qf6 Rfe8 20. Rfe1 Qd8 21.
Qf3 Kg7 22. Qc3 Qf6 23. Re3 Kg8 24. Qa3 Ra8 25. Rf3 Qe7 26. Rb3 Qxa3 27. Rxa3
Red8 28. Bf3 Rd7 29. c5 Rad8 30. Rc1 bxc5 31. Rxc5 Rxd4 32. Rxa7 Rb4 33. b3 Rb6
34. Rc3 Kf8 35. h5 Ra8 36. Rxa8+ Bxa8 37. Kf1 Ke7 38. Ke2 Kd6 39. Rd3+ Ke7 40.
Ke3 Bb7 41. Kd4 Rb4+ 42. Kc3 Rb6 43. Rd2 Rb5 44. a4 Rf5 45. Bg4 Rg5 46. hxg6
hxg6 47. Be2 Re5 48. Bf3 Rf5 49. Be4 Re5 50. Bg2 Rc5+ 51. Kb4 Rg5 52. Bf1 Re5
53. Bc4 g5 54. a5 g4 55. a6 Ba8 56. Ka4 Rf5 57. b4 Re5 58. Rd4 f5 59. b5 cxb5+
60. Bxb5 Re4 61. Rxe4 Bxe4 62. Ka5 Kd6 63. Kb6 e5 64. a7 f4 65. Ba6 fxg3 66.
fxg3 Ba8 67. Bb7 e4 68. Bxa8 e3 69. Bc6 1-0

[Event "26th North American Open"]
[Site "Las Vegas"]
[Date "2016.12.26"]
[Round "2"]
[White "Panchanathan, Magesh"]
[Black "Ke, Ivan"]
[Result "1-0"]
[WhiteElo "2513"]
[BlackElo "2088"]
[PlyCount "105"]
[EventDate "2016.12.??"]
[EventType "swiss"]
[EventRounds "9"]
[EventCountry "USA"]
[Source "MonRoi"]

1. Nf3 d5 2. g3 Nf6 3. Bg2 g6 4. O-O Bg7 5. d4 O-O 6. c4 c6 7. cxd5 cxd5 8. Nc3
Nc6 9. Ne5 Bf5 10. Nxc6 bxc6 11. Bf4 Ne4 12. Na4 f6 13. Rc1 e5 14. Be3 Qe8 15.
b3 Rf7 16. f3 Nd6 17. Bf2 Bh6 18. e3 exd4 19. Qxd4 Nb5 20. Qd2 Rd8 21. Nc5 Bf8
22. Rfd1 Nc7 23. e4 Bc8 24. Qa5 Ne6 25. Nxe6 Bxe6 26. exd5 Bxd5 27. f4 Rfd7 28.
Bxd5+ cxd5 29. Bd4 Qf7 30. Qa6 f5 31. Rc8 Rd6 32. Rc6 Rxc6 33. Qxc6 Bg7 34. Qc5
Bxd4+ 35. Qxd4 Qe7 36. Kf2 Qa3 37. Rd2 Qc1 38. Re2 Qh1 39. Re7 Qxh2+ 40. Kf3
Qh6 41. Qf6 Qf8 42. Qe6+ Kh8 43. Qe5+ Kg8 44. Rxa7 d4 45. Qe6+ Kh8 46. Rf7 Qd6
47. Qxd6 Rxd6 48. Ke2 Ra6 49. a4 Rb6 50. a5 Re6+ 51. Kd3 Ra6 52. b4 Kg8 53. Rb7
1-0

[Event "26th North American Open"]
[Site "Las Vegas"]
[Date "2016.12.27"]
[Round "3.1"]
[White "Pourkashiyan, Atousa"]
[Black "Zhou, Jianchao"]
[Result "0-1"]
[WhiteElo "2335"]
[BlackElo "2632"]
[PlyCount "82"]
[EventDate "2016.12.??"]
[EventType "swiss"]
[EventRounds "9"]
[EventCountry "USA"]
[Source "MonRoi"]
[WhiteClock "0:01:43"]
[BlackClock "0:00:12"]

1. e4 e5 2. Nf3 Nc6 3. Bb5 Nf6 4. O-O Nxe4 5. Re1 Nd6 6. Nxe5 Be7 7. Bf1 Nf5 8.
Nc3 Nxe5 9. Rxe5 d6 10. Re1 d5 11. d4 O-O 12. Bf4 c6 13. a3 Bf6 14. Be5 Bxe5
15. dxe5 f6 16. Qd2 Nh4 17. Nd1 fxe5 18. Rxe5 Bf5 19. Re1 Be4 20. Nc3 Bg6 21.
Ne2 Qf6 22. Nd4 Be4 23. Re3 Qg5 24. f4 Qf6 25. Rae1 Rae8 26. Ne2 Qxb2 27. Nc3
Nf5 28. R3e2 Nd6 29. Nd1 Qxa3 30. Kh1 Nc4 31. Qd4 Rxf4 32. Rf2 c5 33. Rxe4 cxd4
34. Rexf4 Qa1 35. Bxc4 dxc4 36. Rf1 d3 37. Rxc4 d2 38. h3 h6 39. Rcf4 Re1 40.
Rf8+ Kh7 41. Kh2 Qxd1 0-1

[Event "26th North American Open"]
[Site "Las Vegas"]
[Date "2016.12.27"]
[Round "3.2"]
[White "Friedel, Joshua"]
[Black "Mandizha, Farai"]
[Result "1/2-1/2"]
[WhiteElo "2510"]
[BlackElo "2355"]
[PlyCount "26"]
[EventDate "2016.12.??"]
[EventType "swiss"]
[EventRounds "9"]
[EventCountry "USA"]
[Source "MonRoi"]
[WhiteClock "1:35:30"]
[BlackClock "1:35:55"]

1. d4 Nf6 2. c4 g6 3. g3 Bg7 4. Bg2 O-O 5. Nc3 d6 6. Nf3 Nbd7 7. O-O e5 8. e4
a6 9. Qc2 exd4 10. Nxd4 Re8 11. Rd1 c5 12. Nf3 Qe7 13. Bg5 h6 1/2-1/2

[Event "26th North American Open"]
[Site "Las Vegas"]
[Date "2016.12.27"]
[Round "3.3"]
[White "Gurevich, Daniel"]
[Black "Tiglon, Bryce"]
[Result "1-0"]
[WhiteElo "2455"]
[BlackElo "2313"]
[PlyCount "71"]
[EventDate "2016.12.??"]
[EventType "swiss"]
[EventRounds "9"]
[EventCountry "USA"]
[Source "MonRoi"]
[WhiteClock "0:00:12"]
[BlackClock "0:02:11"]

1. e4 c5 2. Nf3 d6 3. Bb5+ Nd7 4. O-O a6 5. Bd3 Ngf6 6. c3 Ne5 7. Nxe5 dxe5 8.
Bc2 g6 9. d3 Bg7 10. f4 exf4 11. Bxf4 O-O 12. Nd2 b5 13. Qe1 Bb7 14. Qh4 Qd7
15. Bg5 Rae8 16. Nf3 Qe6 17. Bd2 Rc8 18. h3 Rfd8 19. Ng5 Qd6 20. Rae1 Qc6 21.
Re2 h6 22. Nf3 h5 23. e5 Nh7 24. e6 f6 25. Qg3 Nf8 26. d4 f5 27. Bxf5 cxd4 28.
Bxg6 Nxg6 29. Qxg6 Qe8 30. Qg3 Kh8 31. Ne5 Rd5 32. Rf7 Qg8 33. Ng6+ Kh7 34.
Nxe7 dxc3 35. Nxg8 Rxg8 36. Bxc3 1-0

[Event "26th North American Open"]
[Site "Las Vegas"]
[Date "2016.12.27"]
[Round "3.4"]
[White "Li, Zhaozhi"]
[Black "Matikozyan, Andranik"]
[Result "1/2-1/2"]
[WhiteElo "2313"]
[BlackElo "2404"]
[PlyCount "48"]
[EventDate "2016.12.??"]
[EventType "swiss"]
[EventRounds "9"]
[EventCountry "USA"]
[Source "MonRoi"]
[WhiteClock "1:30:39"]
[BlackClock "1:16:28"]

1. d4 Nf6 2. c4 g6 3. Nc3 Bg7 4. e4 d6 5. Be2 O-O 6. Nf3 e5 7. O-O Na6 8. Be3
Ng4 9. Bg5 Qe8 10. h3 h6 11. Bc1 Nf6 12. dxe5 dxe5 13. Be3 Qe7 14. Nd5 Qd8 15.
Nxf6+ Qxf6 16. c5 Nb8 17. Qb3 Nc6 18. Rfd1 Rb8 19. Rd2 Be6 20. Qa4 Rfd8 21.
Rad1 Rxd2 22. Rxd2 Rd8 23. Rxd8+ Qxd8 24. Bc4 Qd7 1/2-1/2

[Event "26th North American Open"]
[Site "Las Vegas"]
[Date "2016.12.27"]
[Round "3"]
[White "Panchanatham, Vignesh"]
[Black "Chen, Peng"]
[Result "1/2-1/2"]
[WhiteElo "2381"]
[BlackElo "2297"]
[PlyCount "98"]
[EventDate "2016.12.??"]
[EventType "swiss"]
[EventRounds "9"]
[EventCountry "USA"]
[Source "MonRoi"]

1. d4 Nf6 2. c4 e6 3. Nf3 b6 4. g3 Bb7 5. Bg2 c5 6. O-O cxd4 7. Nxd4 Bxg2 8.
Kxg2 Qc8 9. b3 Qb7+ 10. Kg1 a6 11. Bb2 Be7 12. Nd2 O-O 13. a4 Nc6 14. Nxc6 Qxc6
15. Nf3 Rfd8 16. Rc1 d6 17. b4 Qb7 18. Qb3 Ne4 19. Rfd1 a5 20. b5 Ng5 21. Nxg5
Bxg5 22. f4 Be7 23. Qf3 Qxf3 24. exf3 Kf8 25. Kf1 Rac8 26. Bd4 Rb8 27. Ke2 Bf6
28. Be3 Bb2 29. Rc2 Ba3 30. Bd4 Rdc8 31. Rd3 Bb4 32. Kd1 f6 33. Kc1 Ke7 34. Kb2
Bc5 35. Rcd2 Bxd4+ 36. Rxd4 Rd8 37. Re2 Rbc8 38. Rde4 e5 39. fxe5 dxe5 40. f4
Ke6 41. fxe5 f5 42. Rh4 h6 43. Kc3 Rc5 44. Rd4 Rxd4 45. Kxd4 g5 46. h4 Rc8 47.
hxg5 hxg5 48. Rc2 Rd8+ 49. Ke3 Rc8 1/2-1/2

[Event "26th North American Open"]
[Site "Las Vegas"]
[Date "2016.12.27"]
[Round "3"]
[White "Izoria, Zviad"]
[Black "Lu, Albert"]
[Result "1-0"]
[WhiteElo "2604"]
[BlackElo "2276"]
[PlyCount "55"]
[EventDate "2016.12.??"]
[EventType "swiss"]
[EventRounds "9"]
[EventCountry "USA"]
[Source "MonRoi"]

1. c4 e6 2. Nf3 Nf6 3. g3 d5 4. d4 Be7 5. Bg2 O-O 6. Qc2 a6 7. Nbd2 dxc4 8.
Nxc4 c5 9. dxc5 Bxc5 10. O-O Nbd7 11. Bd2 b5 12. Na5 Qe8 13. Rac1 Ra7 14. b4
Bb6 15. Nc6 Ra8 16. Bf4 Bb7 17. Bd6 Nd5 18. Ng5 g6 19. Bxf8 Qxf8 20. Bxd5 exd5
21. Na5 Rc8 22. Qd2 Bxa5 23. Rxc8 Qxc8 24. bxa5 Ne5 25. Qf4 Qe8 26. Qe3 h6 27.
Nf3 Nxf3+ 28. exf3 1-0

[Event "26th North American Open"]
[Site "Las Vegas"]
[Date "2016.12.27"]
[Round "3"]
[White "Gelashvili, Tamaz"]
[Black "Hilby, Craig"]
[Result "0-1"]
[WhiteElo "2568"]
[BlackElo "2347"]
[PlyCount "70"]
[EventDate "2016.12.??"]
[EventType "swiss"]
[EventRounds "9"]
[EventCountry "USA"]
[Source "MonRoi"]

1. d4 Nf6 2. Nf3 e6 3. e3 c5 4. Bd3 d5 5. b3 Nc6 6. O-O Bd6 7. Bb2 O-O 8. Nbd2
b6 9. Ne5 Nb4 10. Be2 Bb7 11. a3 Nc6 12. Bd3 Rc8 13. Qe2 Ne7 14. f4 Ne4 15.
dxc5 Nxc5 16. Bxh7+ Kxh7 17. Qh5+ Kg8 18. Rf3 f6 19. Rh3 fxe5 20. Nf3 Ne4 21.
Bxe5 Nf5 22. g4 Nf6 23. Qh8+ Kf7 24. Ng5+ Ke7 25. Bxf6+ Rxf6 26. Qh7 Qg8 27.
gxf5 exf5 28. Qh4 Rh6 29. Qg3 Rxc2 30. Ne4 Qf7 31. Qg5+ Kd7 32. Rxh6 gxh6 33.
Nxd6 Kxd6 34. Qxh6+ Qe6 35. Qf8+ Kc6 0-1

[Event "26th North American Open"]
[Site "Las Vegas"]
[Date "2016.12.27"]
[Round "3"]
[White "Hong, Andrew"]
[Black "Nguyen, Anh"]
[Result "1/2-1/2"]
[WhiteElo "2346"]
[BlackElo "2482"]
[PlyCount "63"]
[EventDate "2016.12.??"]
[EventType "swiss"]
[EventRounds "9"]
[EventCountry "USA"]
[Source "MonRoi"]

1. e4 c5 2. Nf3 d6 3. d4 cxd4 4. Nxd4 Nf6 5. Nc3 a6 6. h3 e5 7. Nde2 Be6 8. g4
d5 9. exd5 Nxd5 10. Bg2 Nxc3 11. Qxd8+ Kxd8 12. Nxc3 Kc7 13. Nd5+ Bxd5 14. Bxd5
Bc5 15. Ke2 Nc6 16. c3 Rad8 17. Be4 h5 18. Bd2 f6 19. f3 Ne7 20. f4 exf4 21.
Bxf4+ Bd6 22. Be3 Rhe8 23. Kf3 Nc6 24. Bxc6 hxg4+ 25. hxg4 Kxc6 26. Rad1 Be5
27. Rxd8 Rxd8 28. Ke4 Re8 29. Kd3 Rd8+ 30. Ke4 Re8 31. Kd3 Rd8+ 32. Ke4 1/2-1/2

[Event "26th North American Open"]
[Site "Las Vegas"]
[Date "2016.12.27"]
[Round "3"]
[White "Mitkov, Nikola"]
[Black "Kumar, Nikhil"]
[Result "1/2-1/2"]
[WhiteElo "2450"]
[BlackElo "2251"]
[PlyCount "156"]
[EventDate "2016.12.??"]
[EventType "swiss"]
[EventRounds "9"]
[EventCountry "USA"]
[Source "MonRoi"]

1. e4 c6 2. Nc3 d5 3. Nf3 dxe4 4. Nxe4 Nf6 5. Qe2 Nxe4 6. Qxe4 Nd7 7. Bc4 Nf6
8. Ne5 e6 9. Qe2 b5 10. Bb3 Qc7 11. O-O Bd6 12. Re1 O-O 13. a4 b4 14. Bc4 a5
15. b3 Nd5 16. Bb2 Bb7 17. Qg4 f5 18. Qh4 Rae8 19. f4 Rf6 20. Re2 Bc5+ 21. Kh1
Rh6 22. Qg3 Nb6 23. Bd3 Bd6 24. Rf1 c5 25. Bb5 Rd8 26. Kg1 Qe7 27. d3 Bxe5 28.
Bxe5 Rg6 29. Qh3 Nd5 30. Bc4 Bc6 31. Bb2 Qd6 32. Be5 Qd7 33. Qh4 Re8 34. Qh3
Rh6 35. Qg3 Rg6 36. Qh3 Rc8 37. Rff2 Rg4 38. Re1 h6 39. Ree2 Kh7 40. Rd2 Qf7
41. d4 Nc3 42. dxc5 Ne4 43. Bf1 Nxf2 44. Kxf2 Bd5 45. Qe3 Qe7 46. Bd6 Qh4+ 47.
Kg1 Qf6 48. Be5 Qe7 49. Bd6 Qb7 50. Qe5 Rg6 51. g3 Be4 52. Re2 Qd5 53. Qxd5
exd5 54. Rd2 Rxd6 55. cxd6 Rd8 56. Kf2 Rxd6 57. Bb5 Kg6 58. Ke3 Kf6 59. Kd4 Rd8
60. c3 bxc3 61. Kxc3 Rc8+ 62. Kb2 Ke6 63. b4 axb4 64. Kb3 Kd6 65. Kxb4 Rc1 66.
Bd3 g5 67. a5 gxf4 68. gxf4 Bxd3 69. Rxd3 Rc4+ 70. Kb5 Rc5+ 71. Kb6 Rc6+ 72.
Kb7 Rc7+ 73. Kb8 Rc4 74. a6 Rb4+ 75. Kc8 Rc4+ 76. Kb8 Rb4+ 77. Kc8 Rc4+ 78. Kb8
Rb4+ 1/2-1/2

[Event "26th North American Open"]
[Site "Las Vegas"]
[Date "2016.12.27"]
[Round "3"]
[White "Aoshima, Mirai"]
[Black "Shmelov, Denys"]
[Result "1/2-1/2"]
[WhiteElo "2281"]
[BlackElo "2416"]
[PlyCount "64"]
[EventDate "2016.12.??"]
[EventType "swiss"]
[EventRounds "9"]
[EventCountry "USA"]
[Source "MonRoi"]

1. d4 d5 2. Nf3 Nf6 3. c4 c6 4. Nc3 dxc4 5. e4 b5 6. Be2 b4 7. Na4 Nxe4 8. Bxc4
e6 9. O-O Be7 10. Qe2 Nf6 11. Bg5 Nbd7 12. Rac1 O-O 13. Rfd1 Bb7 14. Bd3 Re8
15. Ne5 Nxe5 16. dxe5 Nd5 17. Bxe7 Qxe7 18. Nc5 Red8 19. g3 Nc3 20. bxc3 Qxc5
21. Qe4 g6 22. cxb4 Qb6 23. Qe1 Rd4 24. Be4 Rxb4 25. Bxc6 Rb2 26. Bxb7 Qxb7 27.
a4 Rb8 28. a5 Qf3 29. Rc3 Qf5 30. Kg2 R8b3 31. Rxb3 Rxb3 32. Qe2 Ra3 1/2-1/2

[Event "26th North American Open"]
[Site "Las Vegas"]
[Date "2016.12.27"]
[Round "3"]
[White "Ng, Gary"]
[Black "Wheeler, Cameron"]
[Result "0-1"]
[WhiteElo "2249"]
[BlackElo "2408"]
[PlyCount "64"]
[EventDate "2016.12.??"]
[EventType "swiss"]
[EventRounds "9"]
[EventCountry "USA"]
[Source "MonRoi"]

1. Nf3 d5 2. c4 c6 3. g3 dxc4 4. Qc2 Qd5 5. Nc3 Qf5 6. Qxf5 Bxf5 7. e4 Bg6 8.
Ne5 b5 9. Nxg6 hxg6 10. a4 b4 11. Nd1 Nd7 12. f4 e6 13. Ne3 Nc5 14. e5 Nd3+ 15.
Ke2 Bc5 16. Bg2 Ne7 17. Nxc4 O-O-O 18. Ne3 g5 19. fxg5 Nxe5 20. b3 Nf5 21. Nxf5
exf5 22. Bb2 Bd4 23. Bxd4 Rxd4 24. Raf1 Rhd8 25. Rxf5 Rxd2+ 26. Ke1 f6 27. gxf6
gxf6 28. Be4 Kb8 29. h4 R2d4 30. Rf4 f5 31. Bc2 Rd2 32. Rxb4+ Kc7 0-1

[Event "26th North American Open"]
[Site "Las Vegas"]
[Date "2016.12.27"]
[Round "3"]
[White "Kojima, Shinya"]
[Black "Zhang, Xiaopeng"]
[Result "1/2-1/2"]
[WhiteElo "2403"]
[BlackElo "2278"]
[PlyCount "54"]
[EventDate "2016.12.??"]
[EventType "swiss"]
[EventRounds "9"]
[EventCountry "USA"]
[Source "MonRoi"]

1. Nf3 d5 2. d4 Nf6 3. c4 e6 4. Nc3 Be7 5. Bf4 O-O 6. e3 Nbd7 7. Qc2 c5 8. Rd1
cxd4 9. Rxd4 Qa5 10. Bg3 a6 11. a3 Ne4 12. cxd5 Nxc3 13. Qxc3 Qxc3+ 14. bxc3
exd5 15. Rxd5 Nf6 16. Re5 Bxa3 17. Bd3 Bd7 18. Ra5 Be7 19. Nd4 b6 20. Ra1 a5
21. Kd2 Rac8 22. Rhb1 Nd5 23. Rc1 Bc5 24. Ba6 Rcd8 25. Bh4 Rb8 26. Bg3 Rbd8 27.
Bh4 Rb8 1/2-1/2

[Event "26th North American Open"]
[Site "Las Vegas"]
[Date "2016.12.27"]
[Round "3"]
[White "Wang, Michael"]
[Black "Ludwig, John"]
[Result "0-1"]
[WhiteElo "2165"]
[BlackElo "2377"]
[PlyCount "66"]
[EventDate "2016.12.??"]
[EventType "swiss"]
[EventRounds "9"]
[EventCountry "USA"]
[Source "MonRoi"]

1. e4 c5 2. Nf3 d6 3. Bb5+ Nd7 4. c3 Ngf6 5. Qe2 a6 6. Ba4 b5 7. Bc2 Bb7 8. O-O
e6 9. d4 Be7 10. Re1 Rc8 11. a4 bxa4 12. Rxa4 cxd4 13. cxd4 d5 14. Nc3 dxe4 15.
Ne5 Nb6 16. Bg5 Nxa4 17. Bxa4+ Kf8 18. Qe3 h6 19. Qh3 Kg8 20. Be3 Bd5 21. f3
exf3 22. gxf3 Qa5 23. Ra1 Rxc3 24. Bd2 Ra3 25. Bxa5 Rxa1+ 26. Kf2 Rxa4 27. Bc3
Ra1 28. Qg3 Bd6 29. Ke3 Bb7 30. Kd2 Nd5 31. Qh4 Bxe5 32. dxe5 Nxc3 33. Kxc3 Kh7
0-1

[Event "26th North American Open"]
[Site "Las Vegas"]
[Date "2016.12.27"]
[Round "3"]
[White "Ghatti, Sanjay"]
[Black "Panchanathan, Magesh"]
[Result "1-0"]
[WhiteElo "2233"]
[BlackElo "2513"]
[PlyCount "139"]
[EventDate "2016.12.??"]
[EventType "swiss"]
[EventRounds "9"]
[EventCountry "USA"]
[Source "MonRoi"]

1. e4 e5 2. Nf3 Nc6 3. Bb5 a6 4. Ba4 Nf6 5. d4 exd4 6. O-O Be7 7. Re1 b5 8. Bb3
d6 9. Bd5 Nxd5 10. exd5 Ne5 11. Nxd4 Bg4 12. f3 Bd7 13. f4 Ng6 14. Nc3 O-O 15.
Nc6 Bxc6 16. dxc6 Re8 17. Nd5 Bf6 18. Rxe8+ Qxe8 19. Nxc7 Qe4 20. Nxa8 Nh4 21.
Qd2 Qxc6 22. Qe2 Qxa8 23. c3 g6 24. Bd2 h5 25. Re1 Qd5 26. a3 Kg7 27. Be3 Nf5
28. Bf2 a5 29. h3 h4 30. Rd1 Qb3 31. Rd2 Qa4 32. Qf3 Qc4 33. Re2 Qa4 34. Qe4
Qd1+ 35. Kh2 Qc1 36. g4 hxg3+ 37. Bxg3 Qd1 38. Rg2 d5 39. Qc2 Qf1 40. Qe2 Qc1
41. Qe1 Qxe1 42. Bxe1 a4 43. Rd2 d4 44. Rd3 Kf8 45. cxd4 Bxd4 46. Bc3 Be3 47.
Bf6 Bxf4+ 48. Kh1 Bd6 49. Rd5 b4 50. axb4 Ke8 51. Bc3 Bc7 52. Rd1 Nd6 53. Be5
Ne4 54. Rd5 Bd8 55. b5 f6 56. Bd4 Ng3+ 57. Kg2 Nf5 58. Bf2 Ne7 59. Rd1 Nc8 60.
Ra1 Kd7 61. Rxa4 Kc7 62. Rc4+ Kb7 63. Rd4 Ba5 64. b4 Bc7 65. Rd7 Nb6 66. Rf7 f5
67. Rg7 Nd5 68. b6 Nxb6 69. Bxb6 Kxb6 70. Rxg6+ 1-0

[Event "26th North American Open"]
[Site "Las Vegas"]
[Date "2016.12.27"]
[Round "3"]
[White "Tang, Andrew"]
[Black "Krishnamoorthy, Vijay"]
[Result "1-0"]
[WhiteElo "2466"]
[BlackElo "2216"]
[PlyCount "115"]
[EventDate "2016.12.??"]
[EventType "swiss"]
[EventRounds "9"]
[EventCountry "USA"]
[Source "MonRoi"]

1. d4 g6 2. c4 Bg7 3. Nc3 d6 4. e4 e5 5. Nge2 Nc6 6. d5 Nce7 7. Ng3 f5 8. exf5
Nxf5 9. Bd3 Nf6 10. Bg5 h6 11. Nxf5 gxf5 12. Bh4 O-O 13. Qc2 Qd7 14. O-O-O a6
15. f3 Nh5 16. g3 Qf7 17. Kb1 Bd7 18. Rhg1 Rab8 19. a4 Kh8 20. Qd2 Rg8 21. Qc2
Rgf8 22. Rd2 Rbe8 23. Qb3 Bc8 24. Bc2 Rg8 25. Ne2 Bf6 26. Bxf6+ Qxf6 27. Qc3
Bd7 28. h3 e4 29. Qb3 b5 30. fxe4 bxa4 31. Qa3 fxe4 32. g4 Ng7 33. Qe3 Qg5 34.
Nf4 Nf5 35. Qc3+ Qg7 36. gxf5 Qxc3 37. Rxg8+ Rxg8 38. bxc3 Bxf5 39. Re2 Rg1+
40. Kb2 Rf1 41. Ne6 Bxh3 42. Bxe4 Bg4 43. Rh2 h5 44. Bg6 Kg8 45. Bxh5 Bf5 46.
Rd2 Rb1+ 47. Ka2 Rc1 48. Nd4 Be4 49. Ne2 Re1 50. Ng3 Bh7 51. Ka3 Re3 52. Ne2
Bd3 53. Kxa4 Bxc4 54. Kb4 Bd3 55. Nd4 Be4 56. c4 Re1 57. Bd1 Kf7 58. Re2 1-0

[Event "26th North American Open"]
[Site "Las Vegas"]
[Date "2016.12.27"]
[Round "3"]
[White "Taghizadeh, Rayan"]
[Black "Cai, Jason"]
[Result "1-0"]
[WhiteElo "2310"]
[BlackElo "2088"]
[PlyCount "43"]
[EventDate "2016.12.??"]
[EventType "swiss"]
[EventRounds "9"]
[EventCountry "USA"]
[Source "MonRoi"]

1. e4 e6 2. d4 d5 3. Nd2 c5 4. exd5 exd5 5. Ngf3 Nf6 6. Bb5+ Bd7 7. Bxd7+ Nbxd7
8. O-O Be7 9. dxc5 Nxc5 10. Nd4 Qd7 11. Qf3 O-O 12. Nf5 Bd8 13. b3 Nfe4 14.
Nxe4 dxe4 15. Qg4 Bf6 16. Ba3 Qc8 17. Rad1 Kh8 18. Rd5 b6 19. Bxc5 bxc5 20.
Qxe4 Re8 21. Qc4 Be5 22. Rxe5 1-0

[Event "26th North American Open"]
[Site "Las Vegas"]
[Date "2016.12.27"]
[Round "3"]
[White "Kavutskiy, Konstantin"]
[Black "Raptis, Nick"]
[Result "0-1"]
[WhiteElo "2377"]
[BlackElo "2244"]
[PlyCount "110"]
[EventDate "2016.12.??"]
[EventType "swiss"]
[EventRounds "9"]
[EventCountry "USA"]
[Source "MonRoi"]

1. d4 Nf6 2. c4 g6 3. Nc3 Bg7 4. e4 O-O 5. Be2 d6 6. Nf3 e5 7. O-O Nc6 8. d5
Ne7 9. a4 Nd7 10. a5 f5 11. Ng5 Nc5 12. b4 Nxe4 13. Ncxe4 fxe4 14. Nxe4 Nf5 15.
Bg4 Nd4 16. Bxc8 Rxc8 17. Be3 c6 18. Qg4 Rf5 19. Ng3 Rf7 20. Bxd4 exd4 21. Rae1
Qd7 22. Re6 Rcf8 23. Qe2 cxd5 24. cxd5 Qa4 25. b5 Qxa5 26. Ne4 Be5 27. g3 Qa3
28. Qc4 a6 29. bxa6 bxa6 30. f4 Qe3+ 31. Nf2 g5 32. fxe5 Rxf2 33. Rxf2 Qxf2+
34. Kh1 Qf3+ 35. Kg1 d3 36. Rf6 d2 37. Rxf8+ Kxf8 38. Qc8+ Kg7 39. Qd7+ Qf7 40.
Qg4 Qxd5 41. Qxg5+ Kf7 42. Qf5+ Ke7 43. exd6+ Kxd6 44. Qf6+ Kc5 45. Qc3+ Kb5
46. Qb2+ Ka4 47. Qc2+ Ka3 48. Qc3+ Ka2 49. Qc2+ Ka1 50. Qa4+ Qa2 51. Qd4+ Qb2
52. Qa4+ Kb1 53. Qe4+ Kc1 54. Qc4+ Qc2 55. Qf4 a5 0-1

[Event "26th North American Open"]
[Site "Las Vegas"]
[Date "2016.12.27"]
[Round "3"]
[White "Manukyan, Lernik"]
[Black "Li, Ruifeng"]
[Result "0-1"]
[WhiteElo "2245"]
[BlackElo "2557"]
[PlyCount "58"]
[EventDate "2016.12.??"]
[EventType "swiss"]
[EventRounds "9"]
[EventCountry "USA"]
[Source "MonRoi"]

1. e4 c5 2. Nf3 d6 3. d4 cxd4 4. Nxd4 Nf6 5. Nc3 a6 6. Bg5 Nbd7 7. f4 e5 8. Nb3
Be7 9. Be2 h6 10. Bxf6 Nxf6 11. f5 b5 12. a3 Bb7 13. Qd3 Rc8 14. Bf3 Qb6 15.
O-O-O O-O 16. Kb1 b4 17. axb4 Qxb4 18. Rhe1 Rc7 19. Na2 Qa4 20. Nc3 Qd7 21. h4
Rfc8 22. g4 Ne8 23. Re2 d5 24. exd5 Nd6 25. Rh2 Rxc3 26. bxc3 Nb5 27. d6 e4 28.
Qe3 Nxc3+ 29. Kc1 Bxd6 0-1

[Event "26th North American Open"]
[Site "Las Vegas"]
[Date "2016.12.27"]
[Round "4.1"]
[White "Zhou, Jianchao"]
[Black "Gurevich, Daniel"]
[Result "1/2-1/2"]
[WhiteElo "2632"]
[BlackElo "2455"]
[PlyCount "50"]
[EventDate "2016.12.??"]
[EventType "swiss"]
[EventRounds "9"]
[EventCountry "USA"]
[Source "MonRoi"]
[WhiteClock "0:59:14"]
[BlackClock "0:35:20"]

1. d4 d5 2. c4 dxc4 3. Nf3 Nf6 4. e3 e6 5. Bxc4 c5 6. O-O a6 7. dxc5 Qxd1 8.
Rxd1 Bxc5 9. Be2 Nbd7 10. Nfd2 O-O 11. Nb3 Be7 12. Nc3 e5 13. Bd2 Nb6 14. e4
Be6 15. Be3 Nc4 16. Bxc4 Bxc4 17. f3 Rfc8 18. Na4 Bxb3 19. axb3 Rc2 20. Kf1 Kf8
21. Rac1 Rac8 22. Nb6 Rxc1 23. Bxc1 Rd8 24. Rxd8+ Bxd8 25. Be3 Ke7 1/2-1/2

[Event "26th North American Open"]
[Site "Las Vegas"]
[Date "2016.12.27"]
[Round "4.2"]
[White "Ludwig, John"]
[Black "Izoria, Zviad"]
[Result "0-1"]
[WhiteElo "2377"]
[BlackElo "2604"]
[PlyCount "66"]
[EventDate "2016.12.??"]
[EventType "swiss"]
[EventRounds "9"]
[EventCountry "USA"]
[Source "MonRoi"]
[WhiteClock "0:15:42"]
[BlackClock "0:00:24"]

1. e4 c5 2. Nf3 d6 3. Bb5+ Nd7 4. d4 cxd4 5. Qxd4 a6 6. Bxd7+ Bxd7 7. Nc3 e5 8.
Qd3 h6 9. Be3 Nf6 10. O-O Be7 11. a4 Be6 12. a5 O-O 13. Rfd1 Rc8 14. Nd2 Qe8
15. Nf1 Bc4 16. Qd2 d5 17. exd5 Bb4 18. Bxh6 gxh6 19. Qxh6 Nh7 20. Ne3 f5 21.
Ra4 Rf6 22. Qh3 Bxc3 23. Rxc4 Rxc4 24. Nxc4 Bd4 25. c3 Ng5 26. Qg3 Qh5 27. Qd3
Rg6 28. cxd4 e4 29. Qc2 Nf3+ 30. Kf1 Nxh2+ 31. Kg1 Ng4 32. Ne5 Qh2+ 33. Kf1
Ne3+ 0-1